00613nam a2200157Ia 4500008004100000020001800041050001700059100002500076245009300101260002700194300002600221650005400247700004300301952009400344999001700438120720s9999 xx 000 0 und d a84-481-0356-4 aB79 A33 1996 aABAD PASCAL, JUAN J. aHISTORIA DE LA FILOSOFIA 2do DE BACHILLERATO / JUAN J. ABAD PASCAL, CARLOS DIAZ HERNADEZ aESPAÑA : McGRAW HILL a463 P. : IL. ; 27 CM. aI. FILOSOFIA -- HISTORIA -- ESTUDIO Y ENSEÑANZA a1. DIAZ HERNADEZ, CARLOS, COAUT.ÌÌ 00104070a03b03d2001-05-15l0oB79 A33 1996p03 002153r2012-07-20t1w2012-07-20yLB c79480d79480